| 000 | 00323nam a22001337a 4500 | ||
|---|---|---|---|
| 020 | _a8-13-171867-4 | ||
| 082 |
_a515 _bTHO |
||
| 100 |
_aThomas , George _9129503 |
||
| 245 |
_aThomas Calculus / _cGeorge Thomas |
||
| 260 |
_a[S.l.] _bPearson, _c2008 |
||
| 300 | _a1 v. (unpaged) ; | ||
| 500 | _aHardcover. | ||
| 942 |
_cBK _2ddc |
||
| 999 |
_c31524 _d31524 |
||